El Premio Martorell a don Martín Almagro
Colección:
San Jorge,
; núm. 7 (juliol 1952), pàg 55
Idioma:
Español
MARC
| LEADER | 00000naa a2200000 a 4500 | ||
|---|---|---|---|
| 003 | Arxiu | ||
| 005 | 20260324181027.0 | ||
| 008 | 160829s1952 spc xx s spa c | ||
| 040 | |a agdb | ||
| 245 | 0 | 3 | |a El Premio Martorell a don Martín Almagro |
| 490 | |a San Jorge, |v núm. 7 (juliol 1952), pàg 55 | ||
| 600 | 1 | 0 | |a Almagro Basch, Martín, |d 1911-1984 |x Premis |9 54854 |
| 650 | 0 | |a Premi Martorell d'Arqueologia |9 21623 | |
| 773 | |g Núm. 7 (juliol 1952), pàg 55 |t San Jorge. | ||
| 901 | |a Arxiu | ||
| 942 | |n 1 |2 udc |c ART | ||
| 952 | |0 0 |1 0 |4 0 |6 REV508 |7 1 |9 64676 |a Arxiu |b Arxiu |d 2022-12-05 |l 0 |o Rev-508 |r 2022-12-05 00:00:00 |w 2022-12-05 |y ARXIU |z També disponible a Rev-521 | ||
| 999 | |c 44135 |d 44135 | ||